000 00782nas a2200253 4500
001 BR0405141
003 BR-BrBNA
005 20231205104930.0
007 ta
008 230509b bl.|||p| |||| 00| 00por d
040 _aBR-BrBNA
_bpor
_cBiblioteca Nacional de Agricultura
041 _a(Pt)
072 _aF30
100 1 _aWadt, L.H. de O.
100 1 _aKageyama, P.Y.
245 1 _aEstrutura genética e sistema de acasalamento de Piper hispidinervum
650 _aPIMENTA LONGA
650 _aMARCADOR MOLECULAR
650 _aVARIAÇÃO GENÉTICA
650 _aCRUZAMENTO VEGETAL
773 0 _tPesquisa Agropecuária Brasileira (Brazil)
_xISSN 0100-204X
_g(Feb 2004), v. 39(2) p. 151-157
_wBR0405141
909 _a202311
_bLúcia
_c55
_dLúcia Elande
942 _2AGRIS
_n0
_cANA
999 _c180360
_d180360